|
|
|
|
| LEADER |
05594nas a2200913 a 4500 |
| 001 |
nkc20061662909 |
| 003 |
CZ PrNK |
| 005 |
20220809111925.0 |
| 007 |
ta |
| 008 |
060711d199u2011xr fr 1 b0cze |
| 015 |
|
|
|a cnb001662909
|
| 035 |
|
|
|a (OCoLC)85552342
|
| 040 |
|
|
|a ABA001
|b cze
|d OLA001
|d BOA001
|
| 072 |
|
7 |
|a 005
|x Management. Řízení
|2 Konspekt
|9 4
|
| 080 |
|
|
|a 005.51
|2 MRF
|
| 080 |
|
|
|a 005.6
|2 MRF
|
| 080 |
|
|
|a 658
|2 MRF
|
| 080 |
|
|
|a 005.95/.96
|2 MRF
|
| 080 |
|
|
|a (062.534)
|2 MRF
|
| 111 |
2 |
|
|a Soudobé trendy v jakosti řízení (seminář)
|7 kn20060713005
|
| 245 |
1 |
0 |
|a Soudobé trendy v jakosti řízení - ... :
|b se zaměřením na nové trendy v přístupech k jakosti řízení, v oblastech informatiky, legislativy, TPM a práce s lidskými zdroji : sborník přednášek ze semináře : Zlenice, ... /
|c Vysoká škola báňská Ostrava - Technická univerzita, Fakulta metalurgie a materiálového inženýrství, katedra kontroly a řízení jakosti ... [et al.]
|
| 260 |
|
|
|a Praha :
|b ISQ Praha :
|b Bankovní institut vysoká škola,
|c [199-]-2011
|
| 260 |
3 |
|
|3 2010-
|a Praha :
|b ISQ Praha :
|b Vysoká škola manažerské informatiky a ekonomiky
|
| 300 |
|
|
|a ^^^sv. ;
|c 30 cm
|
| 310 |
|
|
|a 2x ročně,
|b 2008-
|
| 321 |
|
|
|a 4x ročně,
|b [199-]-2007
|
| 500 |
|
|
|a Součástí názvu je označení pořadí akce, součástí podnázvu jsou měsíc(e) a rok jejího konání
|
| 500 |
|
|
|a Podnázev se část. nevýznamně mění
|
| 500 |
|
|
|a Akce je pořádána v rámci Národního programu podpory jakosti
|
| 500 |
|
|
|a Jednotlivé sv. mají ISBN
|
| 541 |
|
|
|c pv-r
|
| 500 |
|
|
|a Popsáno podle: IXX. (březen 2006)
|
| 650 |
0 |
7 |
|a logistika (management)
|7 ph122437
|2 czenas
|
| 650 |
0 |
7 |
|a management jakosti
|7 ph115218
|2 czenas
|
| 650 |
0 |
7 |
|a podnikový management
|7 ph115763
|2 czenas
|
| 650 |
0 |
7 |
|a personální management
|7 ph115721
|2 czenas
|
| 650 |
0 |
9 |
|a business logistics
|2 eczenas
|
| 650 |
0 |
9 |
|a industrial management
|2 eczenas
|
| 650 |
0 |
9 |
|a quality control
|2 eczenas
|
| 650 |
0 |
9 |
|a personnel management
|2 eczenas
|
| 655 |
|
7 |
|a sborníky konferencí
|7 fd133333
|2 czenas
|
| 655 |
|
9 |
|a proceedings of conferences
|2 eczenas
|
| 710 |
2 |
|
|a Vysoká škola báňská - Technická univerzita Ostrava.
|b Katedra kontroly a řízení jakosti
|7 kn20030626010
|
| 902 |
|
|
|a 80-7265-082-3
|q (prosinec 2005 ;
|q brož.)
|
| 902 |
|
|
|a 80-7265-086-6
|q (březen 2006 ;
|q brož.)
|
| 902 |
|
|
|a 80-7265-089-0
|q (červen 2006 ;
|q brož.)
|
| 902 |
|
|
|a 80-7265-090-4
|q (říjen 2006 ;
|q brož.)
|
| 902 |
|
|
|a 80-7265-098-X
|q (prosinec 2006 ;
|q brož.)
|z 80-7265-098-9
|
| 902 |
|
|
|a 978-80-7265-108-5
|q (březen 2007 ;
|q brož.)
|
| 902 |
|
|
|a 978-80-7265-112-2
|q (červen 2007 ;
|q brož.)
|
| 902 |
|
|
|a 978-80-7265-118-4
|q (říjen 2007 ;
|q brož.)
|
| 902 |
|
|
|a 978-80-7265-124-5
|q (listopad-prosinec 2007 ;
|q brož.)
|
| 902 |
|
|
|a 978-80-7265-131-3
|q (březen 2008 ;
|q brož.)
|
| 902 |
|
|
|a 978-80-7265-136-8
|q (listopad 2008 ;
|q brož.)
|
| 902 |
|
|
|a 978-80-7265-145-0
|q (březen 2009 ;
|q brož.)
|
| 902 |
|
|
|a 978-80-7265-186-3
|q (listopad 2009 ;
|q brož.)
|
| 902 |
|
|
|a 978-80-7265-189-4
|q (březen 2010 ;
|q brož.)
|
| 902 |
|
|
|a 978-80-86847-45-0
|q (listopad 2010 ;
|q brož.)
|
| 902 |
|
|
|a 978-80-86847-49-8
|q (v knize neuvedeno ;
|q březen 2011 ;
|q brož.)
|z 978-80-86847-50-4
|
| 910 |
2 |
|
|a BOA001
|b 00083-1153.817
|r 2005-
|s 18-
|
| 920 |
|
|
|a 000807468
|
| 990 |
|
|
|a SE
|
| 995 |
|
|
|a 01
|
| 996 |
6 |
|
|b 2610272683
|c 00083-1153.817
|d 2005 18
|v 18
|y 2005
|l MZK
|r Sklad / do 1 hodiny
|n 1
|p p.v.
|w 000807468
|u 000010
|a 1
|e BOA001
|j MZK50
|s P
|
| 996 |
6 |
|
|b 2610280650
|c 00083-1153.817
|d 2006 19
|v 19
|y 2006
|l MZK
|r Sklad / do 1 hodiny
|n 0
|p p.v.
|w 000807468
|u 000020
|a 1
|e BOA001
|j MZK50
|s P
|
| 996 |
6 |
|
|b 2610284190
|c 00083-1153.817
|d 2006 20
|v 20
|y 2006
|l MZK
|r Sklad / do 1 hodiny
|n 0
|p p.v.
|w 000807468
|u 000030
|a 1
|e BOA001
|j MZK50
|s P
|
| 996 |
6 |
|
|b 2610289893
|c 00083-1153.817
|d 2006 21
|v 21
|y 2006
|l MZK
|r Sklad / do 1 hodiny
|n 0
|p p.v.
|w 000807468
|u 000040
|a 1
|e BOA001
|j MZK50
|s P
|
| 996 |
6 |
|
|b 2610295954
|c 00083-1153.817
|d 2006 22
|v 22
|y 2006
|l MZK
|r Sklad / do 1 hodiny
|n 0
|p p.v.
|w 000807468
|u 000050
|a 1
|e BOA001
|j MZK50
|s P
|
| 996 |
6 |
|
|b 2610306076
|c 00083-1153.817
|d 2007 23
|v 23
|y 2007
|l MZK
|r Sklad / do 1 hodiny
|n 0
|p p.v.
|w 000807468
|u 000060
|a 1
|e BOA001
|j MZK50
|s P
|
| 996 |
6 |
|
|b 2610314823
|c 00083-1153.817
|d 2007 24
|v 24
|y 2007
|l MZK
|r Sklad / do 1 hodiny
|n 0
|p p.v.
|w 000807468
|u 000070
|a 1
|e BOA001
|j MZK50
|s P
|
| 996 |
6 |
|
|b 2610320993
|c 00083-1153.817
|d 2007 25
|v 25
|y 2007
|l MZK
|r Sklad / do 1 hodiny
|n 0
|p p.v.
|w 000807468
|u 000080
|a 1
|e BOA001
|j MZK50
|s P
|
| 996 |
6 |
|
|b 2610325670
|c 00083-1153.817
|d 2007 26
|v 26
|y 2007
|l MZK
|r Sklad / do 1 hodiny
|n 0
|p p.v.
|w 000807468
|u 000090
|a 1
|e BOA001
|j MZK50
|s P
|
| 996 |
6 |
|
|b 2610336621
|c 00083-1153.817
|d 2008 27
|v 27
|y 2008
|l MZK
|r Sklad / do 1 hodiny
|n 0
|p p.v.
|w 000807468
|u 000100
|a 1
|e BOA001
|j MZK50
|s P
|
| 996 |
6 |
|
|b 2610356594
|c 00083-1153.817
|d 2008 28
|v 28
|y 2008
|l MZK
|r Sklad / do 1 hodiny
|n 0
|p p.v.
|w 000807468
|u 000110
|a 1
|e BOA001
|j MZK50
|s P
|
| 996 |
6 |
|
|b 2610372017
|c 00083-1153.817
|d 2009 29
|v 29
|y 2009
|l MZK
|r Sklad / do 1 hodiny
|n 0
|p p.v.
|w 000807468
|u 000120
|a 1
|e BOA001
|j MZK50
|s P
|
| 996 |
6 |
|
|b 2610396341
|c 00083-1153.817
|d 2009 30
|v 30
|y 2009
|l MZK
|r Sklad / do 1 hodiny
|n 1
|p p.v.
|w 000807468
|u 000130
|a 1
|e BOA001
|j MZK50
|s P
|
| 996 |
6 |
|
|b 2610425236
|c 00083-1153.817
|d 2010 31
|v 31
|y 2010
|l MZK
|r Sklad / do 1 hodiny
|n 0
|p p.v.
|w 000807468
|u 000140
|a 1
|e BOA001
|j MZK50
|s P
|
| 996 |
6 |
|
|b 2610451007
|c 00083-1153.817
|d 2010 32
|v 32
|y 2010
|l MZK
|r Sklad / do 1 hodiny
|n 0
|p p.v.
|w 000807468
|u 000150
|a 1
|e BOA001
|j MZK50
|s P
|
| 996 |
6 |
|
|b 2610474788
|c 00083-1153.817
|d 2011 33
|v 33
|y 2011
|l MZK
|r Sklad / do 1 hodiny
|n 1
|p p.v.
|w 000807468
|u 000160
|a 1
|e BOA001
|j MZK50
|s P
|